000 00319nam a22001217a 4500
008 180419b xxu||||| |||| 00| 0 eng d
041 _aeng
080 _a043.3
100 _a0
101 _aMBE-BTH
245 _aStandartet Ndërkombëtare të Auditimit të jashtëm dhe të brendshëm
_cBajraktari,E
942 _2udc
_cBK
999 _c45299
_d45299